000 00476nam a2200169 4500
999 _c63853
_d63853
003 Ge_BSU
005 20260206113906.0
008 260206s2017 gw ||||| |||| 00| 0 goh d
020 _a9783126752206x
041 _agoh
080 _a811.112.1 S-90
245 _a100 Stunden Deutschland :
_bLehrerhandbuch mit Audio-CD /
264 _aStuttgart,
_c2017.
300 _a64 p. ;
_b+1 CD.
_c28 cm.
653 _aგერმანული ენა
942 _2udc
_cᲬᲘᲒᲜᲘ